Médailles aux Jeux Olympiques - Statistiques

Statistiques générales
  • Ce quiz a été pris 132 fois
  • Le résultat moyen est 13 sur 15
Statistiques - réponses
Nombre de médailles Pays % Correct
2825 États-Unis
100%
840 France
100%
559 Russie
98%
1235 Allemagne
97%
605 Chine
97%
878 Royaume-Uni
95%
697 Italie
94%
497 Japon
94%
500 Canada
93%
512 Australie
88%
1204 Union Soviétique
83%
520 Norvège
82%
652 Suède
78%
519 Allemagne de l'Est
58%
498 Hongrie
45%
Aucun quiz correspondant
Distribution des résultats
% des personnes avec chaque résultat
Percentile par nombre de réponses
Votre historique - résultats
Vous n’avez pas pris ce quiz